Applied Thermodynamics (Record no. 137364)

000 -LEADER
fixed length control field 00276nam a2200109Ia 4500
008 - FIXED-LENGTH DATA ELEMENTS--GENERAL INFORMATION
fixed length control field 220120s9999||||xx |||||||||||||| ||und||
100 ## - MAIN ENTRY--PERSONAL NAME
Personal name Praveen Kestoor
245 #0 - TITLE STATEMENT
Title Applied Thermodynamics
260 ## - PUBLICATION, DISTRIBUTION, ETC.
Place of publication, distribution, etc. Suggi publication
Name of publisher, distributor, etc. New Dekhi
300 ## - PHYSICAL DESCRIPTION
Other physical details 688
650 ## - SUBJECT ADDED ENTRY--TOPICAL TERM
Topical term or geographic name entry element GENERAL BOOKS
Holdings
Withdrawn status Lost status Damaged status Not for loan Collection code Home library Current library Date acquired Total Checkouts Barcode Date last seen Date last checked out Price effective from Koha item type
        Mechanical Engineering Central Library Central Library 01/20/2022 3 GF1223 04/28/2023 04/26/2023 01/20/2022 Gift Books

Powered by Koha